Представление документа в формате RUSMARC

ПолеНазваниеЗначение
  Тип записи a
  Библиографический уровень c
001 Контрольный номер RU/SLIB/B/208743819
005 Дата корректировки 20201206204105.6
010 Индекс ISBN __
a ISBN 5-212-00719-4
d Цена 37-00
101 Язык документа __
a Язык текста rus
c Язык оригинала rus
200 Заглавие и сведения об ответственности 0_
a Заглавие Черный обелиск ; Жизнь взаймы
f Первые сведения об ответственности Э. М. Ремарк
b Общее обозначение материала Текст
210 Выходные данные __
a Место издания М.
c Издательство Кн. и бизнес
c Издательство КРОМ
d Дата издания 1993
215 Физическое описание __
a Объем 544 с.
327 Примечание о содержании __
a Примечание о содержании Жизнь взаймы
517 Другие варианты заглавия __
a Другие варианты заглавия Жизнь взаймы
606 Тематические рубрики __
a Основная рубрика Художественная литература
z Хронологическая подрубрика 20 в.
606 Тематические рубрики __
a Основная рубрика Литература Европы (произведения)
610 Ключевые слова __
a Ключевые слова немецкая литература; проза; романы
686 Индексы других классификаций __
a Классификационный индекс 84(4Гем)-4
700 Автор _1
a Фамилия Ремарк
b Имя Э. М.
g Полное личное имя Эрих Мария
4 Код отношения 070
801 Источник записи _0
a Страна RU
b Организация Муниципальное бюджетное учреждение культуры "Централизованная библиотечная система" г. Сургут (Центральная городская библиотека им. А. С. Пушкина)
g Правила каталогизации КиК/Тесленко
801 Источник записи _1
a Страна RU
b Организация Муниципальное бюджетное учреждение культуры "Централизованная библиотечная система" г. Сургут (Центральная городская библиотека им. А. С. Пушкина)
g Правила каталогизации КиК/Тесленко
852 Данные о местонахождении __
j Шифр хранения 84(4Гем)-4
c Каталожный индекс 84(4Гем)-4
i Авторский знак Р 37
p Инвентарный номер 03070982
901 Тип документа __
t Тип документа x
903 Характеристики (МАРС) __
a Дата передачи 20030715
969 Тип издания __
a Тип издания сборник
990 Данные о заказе (DOS) __
j Количество экземпляров (DOS) 1
t N записи в КСУ для И/У (DOS) 200307